Principles of welding technology (Record no. 77366)

MARC details
000 -LEADER
fixed length control field 00868nam a2200193 a 4500
008 - FIXED-LENGTH DATA ELEMENTS--GENERAL INFORMATION
fixed length control field 120416s1980 ||||||||||||||||| || u
020 ## - INTERNATIONAL STANDARD BOOK NUMBER
International Standard Book Number 071313402X
050 ## - LIBRARY OF CONGRESS CALL NUMBER
Classification number TS 227 Gou
100 ## - MAIN ENTRY--PERSONAL NAME
Personal name Gourd, L. M
245 10 - TITLE STATEMENT
Title Principles of welding technology
260 ## - PUBLICATION, DISTRIBUTION, ETC.
Place of publication, distribution, etc. London
Name of publisher, distributor, etc. Edward Arnold
Date of publication, distribution, etc. 1980
300 ## - PHYSICAL DESCRIPTION
Extent v, 218p. : ill.
350 ## -
-- 0.00
650 ## - SUBJECT ADDED ENTRY--TOPICAL TERM
Topical term or geographic name entry element MECHANICS
650 ## - SUBJECT ADDED ENTRY--TOPICAL TERM
Topical term or geographic name entry element WELDING
995 ## -
-- TEXTBOOKS (MIN.ENG.)
-- 0.00
-- 03076
-- CBU-SCHOOL TEXTBOOK COLLECTIONS
-- 1
-- 0.00
-- SCHOOL TEXTBOOK
-- 3
-- AVAILABLE
-- Jul 29, 2009
-- 03076
-- School Collections
995 ## -
-- BINDERY (DAMAGED)
-- 0.00
-- 713883
-- CBU-MAIN LIBRARY (Kitwe)
-- 1
-- 5.95
-- TS 227 Gou
-- 1
-- DAMAGED
-- 713883
-- Main Library Open Access Collection
995 ## -
-- TEXTBOOKS (MIN.ENG.)
-- 0.00
-- 03075
-- CBU-SCHOOL TEXTBOOK COLLECTIONS
-- 1
-- 0.00
-- SCHOOL TEXTBOOK
-- 2
-- AVAILABLE
-- Jul 29, 2009
-- 03075
-- School Collections
999 ## -
-- 77366
-- 77366
Holdings
Withdrawn status Lost status Source of classification or shelving scheme Damaged status Not for loan Permanent Location Current Location Shelving location Date acquired Total Checkouts Full call number Barcode Date last seen Copy number Price effective from Koha item type
          CBU-MAIN LIBRARY, KITWE. CBU-MAIN LIBRARY, KITWE.   04/25/2023   TS 227 Gou 713883 04/25/2023 2 04/25/2023 MONOGRAPH
          CBU-SCHOOL TEXT BOOK COLLECTION CBU-SCHOOL TEXT BOOK COLLECTION   04/25/2023   SCHOOL TEXTBOOK 03076 04/25/2023 1 04/25/2023 MONOGRAPH
          CBU-SCHOOL TEXT BOOK COLLECTION CBU-SCHOOL TEXT BOOK COLLECTION   04/25/2023   SCHOOL TEXTBOOK 03075 04/25/2023 3 04/25/2023 MONOGRAPH